000 00289nam a22001337a 4500
008 181012b xxu||||| |||| 00| 0 eng d
020 _a9781554073177
041 _aeng
080 _a611
100 _a6
101 _aANA
245 _aInside the Body
_cGreenfield, B.S
942 _2udc
_cBK
999 _c49527
_d49527